| 000 | 00455nam a2200169Ia 4500 | ||
|---|---|---|---|
| 008 | 130318s9999 xx 000 0 und d | ||
| 020 | _a9788131760980 | ||
| 082 | _a658.872 DEI/e | ||
| 100 | _aDeitel, Harvey M | ||
| 245 | _ae-Business and e-Commerce for managers | ||
| 260 |
_bPearson Education _aNew Delhi _c2001 |
||
| 300 | _a794 | ||
| 650 | _aE COMMERCE | ||
| 650 | _aMANAGEMENT E BUSINESS | ||
| 700 | _aDeitel, Paul J | ||
| 700 | _aSteinbuhler, Kate | ||
| 999 |
_c2201 _d2201 |
||